| 000 | 00646nam a2200193 i 4500 | ||
|---|---|---|---|
| 001 | 76712 | ||
| 003 | ES-MaACL | ||
| 005 | 20260228184415.0 | ||
| 007 | t| | ||
| 008 | 041004s1956 sp ||||1| spa d | ||
| 100 | 1 |
_aGuilbaud, G. T. _960689 |
|
| 245 | 1 | 3 |
_aLa cibernética / _cG.-T. Guibaud ; traducción y apéndice [Los problemas de la Cibernética] por Alejandro Sanvisens Marfull. |
| 260 |
_aBarcelona : _bVergara, _c[1956] ( _fEstampa) |
||
| 300 |
_a229 p. ; _c18 cm. |
||
| 700 | 0 |
_aSanvisens Marfull, Alejandro _9103555 |
|
| 740 | 4 | _aLos problemas de la cibernética. | |
| 852 |
_aES-MaACL _jC-12594 _bR.40158 |
||
| 999 |
_c76712 _d76712 |
||